000 00680nam a2200217 i 4500
001 159880
003 ES-MaACL
005 20240205170739.0
008 170912s1973 sp |||| | spa d
020 _a84-7232-200-9
080 _a821.134.2-14"19"
100 1 _aAlbi, José.
_919374
245 1 0 _aPicasso azul /
_cJosé Albi.
260 _aMadrid :
_bCultura Hispánica,
_c1973.
300 _a72 p. ;
_c20 cm.
490 1 _aColección poética "Leopoldo Panero" ;
_v20
600 1 4 _aPicasso, Pablo,
_d1881-1973-
_vPoesías
_9172690
830 1 _aColección poética "Leopoldo Panero" ;
_v20
_9182594
852 _aES-MaACL
_jP-2 Nº20
999 _c159880
_d159880